| 000 | 00388nam a22001337a 4500 | ||
|---|---|---|---|
| 999 |
_c15728 _d15728 |
||
| 003 | OSt | ||
| 082 |
_a631.3 _bBAN/D |
||
| 088 | _aT 458 | ||
| 100 |
_aBandi Nageswar _94275 |
||
| 245 | _aDesign Development and testing of a power operated paddy hill seeder | ||
| 260 |
_aTavanur _bDepartment of Farm Machinery and Power Engineering _c2019 |
||
| 700 |
_aManoj Mathew (Guide) _94211 |
||
| 942 | _cTH | ||